Responses for show #4932 - Tuesday, February 7, 2006

2006 Teen Tournament quarterfinal game 2.

Contestants

[<< previous game]

Lauren Romero, a senior from Denver, Colorado

Matt Klein, a senior from Pittsford, New York

Katie James, a sophomore from Winchester, Virginia

[next game >>]

Jeopardy! Round responses

MYTHOLOGY
DINNER & A MOVIE
FILL IN THE NOVEL TITLE
SCIENCE & NATURE
TRAVEL FUN
YOU'RE SUCH AN "IMP"
    $200 2
a crocodile

Matt
    $200 1
Spider-Man

Matt
    $200 7
The Hunchback of Notre Dame

Matt
    $200 26
the tail

Matt
    $200 16
Plymouth

Matt
    $200 21
a chimpanzee's

Lauren
    $400 3
centaurs

Matt
    $400 12
Puss-in-Boots

Katie
    $400 8
The Grapes of Wrath

Matt
    $400 27
a toadstool

Katie
    $400 17
(Katie: What is an alligator?)

a turtle

KatieLauren
    $400 22
a limp

Matt
    $600 4
Achilles

Matt
    $600 13
(Matt: What is Finding Nemo?)

Shark Tale

MattLauren
    $600 9
A Tale of Two Cities

Katie
    $600 28
an arthropod

Lauren
    $600 18
Winnie the Pooh (Pooh Bear accepted)

Lauren
    $600 23
a shrimp

Lauren
    $800 5
(Matt: Who is Hera?)

Juno

MattLauren
    $800 14
Monsters, Inc.

Triple Stumper
    $800 10
Ivanhoe

Lauren
    $800 29
cobalt

Lauren
    $800 19
checkerboard (or chessboard)

Lauren
    $800 24
to primp

Lauren
    $1000 6
(Katie: Who is Ra?)

Osiris

Katie
Triple Stumper
    $1000 15
Toy Story

Matt
    $1000 11
The Count of Monte Cristo

Matt
    $2,000 30
(Lauren: Who is Celsius?)

(Lord) Kelvin

Lauren
    $1000 20
(Lauren: What is Utah?)

New York

Lauren
Triple Stumper
    $1000 25
to skimp

Lauren

Scores at the first commercial break (after clue 15):

Katie Matt Lauren
$0 $2,600 $2,200

Scores at the end of the Jeopardy! Round:

Katie Matt Lauren
$0 $3,400 $5,000

Double Jeopardy! Round responses

HISTORY
PHYS ED
SOCIAL STUDIES
GEOGRAPHY
LANGUAGE ARTS
"BIO"
    $400 19
Custer

Lauren
    $400 14
volleyball

Matt
    $400 8
white

Matt
    $400 1
Sweden

Matt
    $400 2
Hebrew

Lauren
    $400 26
an antibiotic

Katie
    $800 20
Alaska

Matt
    $800 15
golf

Matt
    $800 9
jocks

Matt
    $800 7
Etna

Katie
    $800 3
Chinese

Matt
    $800 27
an autobiography

Lauren
    $3,000 21
the Titanic

Matt
    $1200 16
dodgeball

Katie
    $3,000 10
(Matt: What is W? What is [*]?)

tween

Matt
    $1200 13
Chile & Argentina

Katie
    $1200 4
(Matt: What are German, French & Schweizerdeutschen?)
(Lauren: What are German, French & English?)

German, French & Italian

MattLauren
Triple Stumper
    $1200 28
a biohazard

Triple Stumper
    $1600 22
Napoleon

Matt
    $1600 17
a mile

Lauren
    $1600 11
bureaucrat

Matt
    $1600 24
(Lauren: What is the Mariana trench?)
(Katie: What is Jakarta?)
...
(Alex: The Marianas Trench is in the Pacific Ocean.)

the Java Trench

KatieLauren
Triple Stumper
    $1600 5
Japanese

Matt
    $1600 29
biodegradable

Katie
    $2000 23
the Bay of Pigs

Matt
    $2000 18
tennis

Matt
    $2000 12
(Lauren: What is the private sector?)

the service sector

MattLauren
    $2000 25
Khartoum

Lauren
    $2000 6
Spanish

Matt
    $2000 30
(Matt: Um, what is a--I don't know.)
...
(Alex: The term is [*]. A lot of people on that kind of a diet.)

macrobiotic

Matt
Triple Stumper

Scores at the end of the Double Jeopardy! Round:

Katie Matt Lauren
$3,600 $23,400 $5,400
(lock game)

Final Jeopardy! Round responses

20th CENTURY BOOKS
(Alex: The line was: "Was Tara standing? Or was Tara also [*] which had swept through Georgia?")
KatieWhat is Gone with the Wind
$3,599
LaurenWhat is Gone with the Wind?
$1,801
MattWhat is gone with the Wind?
$0
Gone with the Wind

Final scores:

Katie Matt Lauren
$7,199 $23,400 $7,201
3rd place: $5,000 if eliminated Automatic semifinalist 2nd place: $5,000 if eliminated

Game dynamics:

Coryat scores:

Katie Matt Lauren
$3,600 $19,800 $7,400
8 R,
3 W
27 R
(including 2 DDs),
4 W
17 R,
5 W
(including 1 DD)

Combined Coryat: $30,800

The J! Archive is created by fans, for fans. The Jeopardy! game show and all elements thereof, including but not limited to copyright and trademark thereto, are the property of Jeopardy Productions, Inc. and are protected under law. This website is not affiliated with, sponsored by, or operated by Jeopardy Productions, Inc. Join the discussion at JBoard.tv.